Teaching and supporting children withspecial educational need and disabilitisin pramary schools / (Record no. 137686)

MARC details
000 -LEADER
fixed length control field 00765nam a22002297a 4500
005 - DATE AND TIME OF LATEST TRANSACTION
control field 20170217123443.0
010 ## - LCCN (DPL NO)
LC control number ENG-117289
020 ## - INTERNATIONAL STANDARD BOOK NUMBER
International Standard Book Number 9789386062598
Terms of availability 625.00
035 ## - SYSTEM CONTROL NUMBER
System control number EN-100821
037 ## - SOURCE OF ACQUISITION
Source of stock number/acquisition DBAD/PUB
082 00 - DEWEY DECIMAL CLASSIFICATION NUMBER
Classification number 371.90472
100 ## - MAIN ENTRY--PERSONAL NAME
Personal name Glazzard,Jonathan
245 10 - TITLE STATEMENT
Title Teaching and supporting children withspecial educational need and disabilitisin pramary schools /
Statement of responsibility, etc by Jonathan Glazzard...[et..al]
246 ## - VARYING FORM OF TITLE
Title proper/short title 2nd ed.
260 ## - PUBLICATION, DISTRIBUTION, ETC. (IMPRINT)
Place of publication, distribution, etc New Delhi
Name of publisher, distributor, etc SAGE Publications
Date of publication, distribution, etc 2017
270 ## - ADDRESS
Address B1/I-1 Mohan Cooperative Industrial Area, Mathura Road
City New Delhi
Postal code 110044
300 ## - PHYSICAL DESCRIPTION
Extent viii,193p.
Dimensions 24cm(pbk)
500 ## - GENERAL NOTE
General note Includes index
700 ## - ADDED ENTRY--PERSONAL NAME
Personal name Stokoe,Jane
700 ## - ADDED ENTRY--PERSONAL NAME
Personal name Hughes, Alison
942 ## - ADDED ENTRY ELEMENTS (KOHA)
Source of classification or shelving scheme Dewey Decimal Classification
Item type English Books
Classification part 371.90472
Call number suffix GLA
Holdings
Withdrawn status Lost status Not for loan Collection code Home library Current library Date acquired Source of acquisition Cost, normal purchase price Full call number Barcode Copy number Cost, replacement price Koha item type
      Non-fiction Shahdara Branch Shahdara Branch 17/02/2017 DBAD/PUB 625.00 371.90472 GLA EN-100821 1 625.00 English Books

© Delhi Public Library
Hit Counter
free hit counter